Géographie de l'Amérique du Sud par lettre - M - Statistiques

Statistiques générales
  • Ce quiz a été pris 129 fois
  • Le résultat moyen est 10 sur 20
Statistiques - réponses
Question Réponse % Correct
Capitale de l'Uruguay Montevideo
94%
Ancienne cité inca perchée sur un promontoire rocheux à plus de 2400 m d'altitude Machu Picchu
87%
Footballeur argentin qui avait une certaine tendance à confondre la main de Dieu et la sienne Diego Maradona
78%
Explorateur portugais qui a donné son nom au détroit contournant le sud du continant sud-américain Ferdinand de Magellan
78%
Ville colombienne, lieu d'un fameux cartel de la drogue dirigé par Pablo Escobar Medellin
76%
Archipel sous souveraineté britannique, qui a donné lieu à une guerre contre l'Argentine en 1982 Îles {Malouines}
75%
Place centrale de Buenos Aires, où les mères et grands-mères de disparus de la dictature argentine avaient pris l'habitude de se réunir pour obtenir des nouvelles de leurs enfants Place de {Mai}
70%
Céréale à la base de nombreux aliments sud-américains Maïs
65%
Type d'oiseau incapable de voler, mais nageant et plongeant très bien. Associés à l'Antarctique, on les trouve aussi tout au long de la côte pacifique de l'Amérique du Sud et jusqu'aux Galapagos Manchot
65%
Boisson traditionnelle sud-américaine résultant de l'infusion de feuilles, qui se consomme généralement dans une calebasse à l'aide d'une paille Maté
60%
Ecosystème de marais maritimes très présent sur la côte nord de l'Amérique du Sud, dont l'arbre emblématique est le palétuvier Mangrove
59%
Capitale de l'Amazonie brésilienne Manaus
49%
Groupe de mammifères généralement associés à l'Australie, mais dont on trouve certaines espèces en Amérique du Sud (opossums, espèces ressemblant à des rats,...) Marsupiaux
49%
Nom du marché commun d'Amérique du Sud, regroupant notamment Argentine, Brésil, Uruguay et Paraguay Mercosul | Mercosur
49%
Région naturelle d'Argentine, nommée comme une très célèbre région historique du Moyen-Orient, parce qu'elle est située entre deux fleuves (le Rio Paranà et le Rio Uruguay) Mésopotamie
37%
Le plus grand lac d'Amérique du Sud, situé au Vénézuéla Maracaibo
20%
Etat brésilien (capitale Belo Horizonte) ainsi nommé en raison de sa richesse minière Minas Gerais
15%
Ancien hôtel des finances, ce bâtiment est la résidence présidentielle au Chili. Très endommagée lors du coup d'Etat de 1973, c'est là que Salvador Allende s'est suicidé Palais de la {Moneda}
9%
Ethnie amérindienne originaire du Chili et d'Argentine qui a opposé une vive résistance à l'expansion inca, puis espagnole et enfin aux jeunes nations argentine et chilienne Mapuches
8%
Grande île côtière brésilienne (40 000 km2), entre l'Amazone, le Rio Tocantins et l'océan Atlantique. Marajo
5%
Aucun quiz correspondant
Distribution des résultats
% des personnes avec chaque résultat
Percentile par nombre de réponses
Votre historique - résultats
Vous n’avez pas pris ce quiz